Capitaines des équipes de la NHL - Saison 25-26 - Statistiques

Statistiques générales
  • Ce quiz a été pris 140 fois
  • Le résultat moyen est 18 sur 32
Statistiques - réponses
Équipes Capitaines % Correct
Canadiens de Montréal Suzuki
93%
Penguins de Pittsburgh Crosby
88%
Oilers d'Edmonton McDavid
86%
Maple Leafs de Toronto Matthews
85%
Capitals de Washington Ovechkin
80%
Panthers de la Floride Barkov
71%
Predators de Nashville Josi
70%
Canucks de Vancouver Hughes
69%
Sénateurs d'Ottawa Tkachuk
68%
Kings de Los Angeles Kopitar
67%
Sabres de Buffalo Dahlin
65%
Devils du New Jersey Hischier
65%
Lightning de Tampa Bay Hedman
64%
Red Wings de Détroit Larkin
63%
Stars de Dallas Benn
61%
Golden Knights de Las Vegas Stone
61%
Avalanche du Colorado Landeskog
59%
Mammoth de l'Utah Keller
58%
Ducks de Anaheim Gudas
53%
Blackhawks de Chicago Foligno
51%
Islander de New York Lee
50%
Hurricanes de la Caroline Staal
49%
Flyers de Philadelphie Couturier
46%
Rangers de New York Miller
44%
Blue Jackets de Colombus Jenner
43%
Kraken de Seattle Eberle
34%
Blues de St. Louis Schenn
34%
Wild du Minnesota Spurgeon
34%
Jets de Winnipeg Lowry
32%
Flames de Calgary Backlund
25%
Bruins de Boston Vacant
18%
Sharks de San Jose Vacant
18%
Aucun quiz correspondant
Distribution des résultats
% des personnes avec chaque résultat
Percentile par nombre de réponses
Votre historique - résultats
Vous n’avez pas pris ce quiz